000 02052nam a2200373 c 4500
999 _c188500
_d188500
003 BLK
005 20230406030256.0
008 180411b bul|||||r ||||||| ||bul||
010 _aKNG00197518000
040 _aBLK
041 _aBUL
_cBUL
080 _aБългарска литература
_b821.163.2
_x(081.1)
_z821.163.2(081.1)
080 _aБългарска литература
_b821.163.2
_x-94
_z821.163.2-94
139 _aХристов, Кирил
_bХ 78
245 1 0 _aСъчинения
_bВ 5 т. За том: Откъси от дневник в 11 т.
_cКирил Христов; под ред. на Светла Русева Гюрова; с предг. от Кръстьо Тодоров Куюмджиев; подб. и ред. на том Светла Русева Гюрова; подб. и ред. на том Тихомир Тихов; * Кирил Христов Генчев.
_nТ. 5. Ч. 1
_pВреме и съвременници
257 _aBGR
260 _bБълг. писател
_c1966 -
_aСофия
300 _c20 см
380 _aX
500 _aПълното име на авт. е Кирил Христов Генчев.
653 _aдневници
700 1 _aГюрова, Светла Русева
_eпод ред. на
_9364441
700 1 _aКуюмджиев, Кръстьо Тодоров
_9369420
700 1 _aГюрова, Светла Русева
_eподб. и ред. на том
_9364441
700 1 _aТихов, Тихомир
_eподб. и ред. на том
_9369383
700 1 _aГенчев, Кирил Христов
_e*
_9384615
760 1 _aХристов, Кирил
_d1967
_h896 с., 3 л. : портр., 1 л. : факс.
_tТ. 5. Ч. 1 Време и съвременници
852 _aЦб 39641
856 4 _qpdf
856 4 _qpdf
942 _cKNG
_n0
_s1
944 _aCR
_c06.12.2016
_lф /
_kПравда_Бадева
944 _aED
_c06.07.2017
_lф /
_kЛюдмила_Стоянова
999 _d188500